Los 100 fichajes más caros de la historia del fútbol - Estadísticas

Estadísticas generales
  • Esta prueba ha sido intentada 378 veces
  • La puntuación promedio es 78 de 100
Estadísticas de respuestas
Coste (M €) Temporada Nacionalidad Último club Nuevo club Jugador % Correcto
117,00 2018-2019 Portugal Real Madrid Juventus Cristiano Ronaldo
99%
94,00 2009-2010 Portugal Manchester United Real Madrid Cristiano Ronaldo
99%
180,00 2018-2019 Francia Mónaco PSG Kylian Mbappé
99%
222,00 2017-2018 Brasil FC Barcellona PSG Neymar
99%
90,00 2023-2024 Brasil PSG Al-Hilal Neymar
99%
88,00 2013-2014 Brasil Santos FC Barcellona Neymar
99%
101,00 2013-2014 Gales Tottenham Real Madrid Gareth Bale
98%
103,00 2023-2024 Inglaterra Borussia Dortmund Real Madrid Jude Bellingham
97%
135,00 2017-2018 Francia Borussia Dortmund FC Barcellona Ousmane Dembélé
97%
135,00 2017-2018 Brasil Liverpool FC Barcellona Philippe Coutinho
97%
120,00 2019-2020 Francia Atlético Madrid FC Barcellona Antoine Griezmann
96%
120,80 2019-2020 Bélgica Chelsea Real Madrid Eden Hazard
96%
86,00 2019-2020 Países Bajos Ajax FC Barcellona Frenkie de Jong
96%
95,00 20232024 Inglaterra Tottenham Bayern Múnich Harry Kane
96%
127,20 2019-2020 Portugal Benfica Atlético Madrid João Félix
96%
121,00 2022-2023 Argentina Benfica Chelsea Enzo Fernández
95%
81,72 2014-2015 Uruguay Liverpool FC Barcellona Luis Suárez
94%
113,00 2021-2022 Bélgica Inter Chelsea Romelu Lukaku
94%
84,70 2017-2018 Bélgica Everton Manchester United Romelu Lukaku
94%
74,00 2019-2020 Bélgica Manchester United Inter Romelu Lukaku
94%
117,50 2021-2022 Inglaterra Aston Villa Manchester City Jack Grealish
92%
105,00 2016-2017 Francia Juventus Manchester United Paul Pogba
92%
95,00 2022-2023 Brasil Ajax Manchester United Antony
91%
85,00 2022--2023 Uruguay Benfica Liverpool Darwin Núñez
91%
116,60 2023-2024 Inglaterra West Ham Arsenal Declan Rice
91%
90,00 2023-2024 Croacia RB Leipzig Manchester City Josko Gvardiol
91%
85,50 2019-2020 Países Bajos Ajax Juventus Matthijs de Ligt
91%
67,00 2022-2023 Países Bajos Juventus Bayern Múnich Matthijs de Ligt
91%
116,00 2023-2024 Ecuador Brighton Chelsea Moisés Caicedo
91%
85,00 2021-2022 Inglaterra Borussia Dortmund Manchester United Jadon Sancho
88%
75,00 2014-2015 Colombia Mónaco Real Madrid James Rodríguez
88%
84,65 2017-2018 Países Bajos Southampton Liverpool Virgil van Dijk
88%
75,00 2014-2015 Argentina Real Madrid Manchester United Ángel Di María
87%
63,00 2015-2016 Argentina Manchester United PSG Ángel Di María
87%
69,50 2009-2010 Suecia Inter FC Barcelona Zlatan Ibrahimović
87%
68,00 2021-2022 Marruecos Inter PSG Achraf Hakimi
86%
76,00 2015-2016 Bélgica VfL Wolfsburgo Manchester City Kevin De Bruyne
86%
70,00 2019-2020 España Atlético Madrid Manchester City Rodri
86%
90,00 2016-2017 Argentina Nápoles Juventus Gonzalo Higuaín
85%
67,80 2018-2019 Argelia Leicester City Manchester City Riyad Mahrez
84%
70,00 2022-2023 Suecia Real Sociedad Newcastle United Alexander Isak
83%
80,00 2022-2023 Francia Mónaco Real Madrid Aurélien Tchouaméni
83%
70,65 2022-2023 Brasil Real Madrid Manchester United Casemiro
83%
77,50 2001-2002 Francia Juventus Real Madrid Zinédine Zidane
83%
60,00 2022-2023 Noruega Borussia Dortmund Manchester City Erling Haaland
82%
87,00 2019-2020 Inglaterra Leicester City Manchester United Harry Maguire
82%
88,00 2020-2021 Alemania Bayer Leverkusen Chelsea Kai Havertz
82%
75,00 2023-2024 Alemania Chelsea Arsenal Kai Havertz
82%
95,00 2023-2024 Francia Eintracht PSG Randal Kolo Muani
82%
80,60 2020-2021 Brasil FC Barcellona Juventus Arthur Melo
81%
83,50 2021-2022 Serbia Fiorentina Juventus Dušan Vlahović
81%
67,00 2009-2010 Brasil AC Milan Real Madrid Kaká
81%
64,50 2013-2024 Uruguay Nápoles PSG Edinson Cavani
79%
80,00 2018-2019 España Athletic Chelsea Kepa Arrizabalaga
79%
60,00 2000-2001 Portugal FC Barcelona Real Madrid Luís Figo
78%
64,00 2018-2019 Estados Unidos Borussia Dortmund Chelsea Christian Pulisic
77%
70,00 2022-2023 Ucrania Shakhtar D. Chelsea Mykhaylo Mudryk
77%
63,75 2017-2018 Francia / Gabon Borussia Dortmund Arsenal Pierre-Emerick Aubameyang
77%
71,60 2020-2021 Portugal Benfica Manchester City Rúben Dias
77%
65,00 2017-2018 Francia / España Athletic Manchester City Aymeric Laporte
75%
58,00 2022-2023 Brasil Leeds FC Barcelona Raphinha
75%
66,00 2017-2018 España Real Madrid Chelsea Álvaro Morata
74%
65,30 2022-2023 España Brighton Chelsea Marc Cucurella
74%
80,00 2019-2020 Costa de Marfil LOSC Lille Arsenal Nicolas Pépé
74%
58,50 2010-2011 España Liverpool Chelsea Fernando Torres
73%
63,00 2019-2020 Serbia Eintracht Real Madrid Luka Jović
73%
70,00 2023-2024 Hungría RB Leipzig Liverpool Dominik Szoboszlai
72%
60,00 2020-2021 Bosnia y Herzegovina Juventus FC Barcelona Miralem Pjanic
72%
64,00 2023-2024 Italia AC Milan Newcastle United Sandro Tonali
72%
65,00 2019-2020 Portugal Sporting Lisboa Manchester United Bruno Fernandes
71%
60,00 2017-2018 Brasil / España Chelsea Atlético Madrid Diego Costa
71%
80,00 2019-2020 Francia Atlético Madrid Bayern Múnich Lucas Hernández
71%
63,70 2015-2016 Inglaterra Liverpool Manchester City Raheem Sterling
71%
56,20 2023-2024 Inglaterra Manchester City Chelsea Raheem Sterling
71%
77,50 2020-2021 Nigeria LOSC Lille Nápoles Victor Osimhen
71%
73,90 2023-2024 Dinamarca Atalanta Manchester United Rasmus Højlund
70%
72,00 2018-2019 Francia Mónaco Atlético Madrid Thomas Lemar
70%
60,00 2023-2024 Bélgica Stade Rennes Manchester City Jérémy Doku
69%
62,50 2018-2019 Brasil AS Roma Liverpool Alisson
68%
57,37 2022-2023 Argentina Ajax Manchester United Lisandro Martínez
68%
60,00 2016-2017 Brasil Chelsea Shanghai SIPG Oscar
66%
65,00 2019-2020 Portugal Juventus Manchester City João Cancelo
64%
64,20 2023-2024 Inglaterra Chelsea Manchester United Mason Mount
64%
58,00 2022-2023 Brasil Everton Tottenham Richarlison
64%
65,00 2023-2024 Portugal Benfica PSG Gonçalo Ramos
61%
60,00 2023-2024 Uruguay Sporting Lisboa PSG Manuel Ugarte
61%
60,00 2018-2019 Guinea RB Leipzig Liverpool Naby Keïta
58%
57,50 2017-2018 Francia Mónaco Manchester City Benjamin Mendy
57%
57,00 2018-2019 Brasil / Italia Nápoles Chelsea Jorginho
55%
60,00 2023-2024 Francia RB Leipzig Chelsea Christopher Nkunku
54%
80,40 2022-2023 Francia Leicester City Chelsea Wesley Fofana
54%
60,00 2023-2024 Brasil Zenti Al-Hilal Malcom
53%
62,00 2023-2024 Brasil / Portugal Wolverhampton Manchester City Matheus Nunes
53%
56,81 2000-2001 Argentina AC Parma Lazio Hernán Crespo
52%
60,00 2015-2016 Francia Mónaco Manchester United Anthony Martial
51%
59,00 2018-2019 Brasil Shakhtar D. Manchester United Fred
49%
60,00 2023-2024 Brasil / Portugal Oporto Al-Nassr Otávio
45%
62,00 2019-2020 Francia Lyon Tottenham Tanguy Ndombélé
44%
58,50 2021-2022 Inglaterra Brighton Arsenal Ben White
43%
62,10 2023-2024 Bélgica Southampton Chelsea Roméo Lavia
43%
No se encontraron pruebas coincidentes
Distribución de puntuación
Porcentaje de gente con cada puntuación
Porcentaje por número respondido
Historial de tus puntuaciones
No has intentado esta prueba.